Franse departementen - Statistieken

Algemene statistieken
  • Deze quiz is 654 keer genomen
  • De gemiddelde score is 40 van 101
Antwoorden op de kaart
Antwoorden kleurgecodeerd door een groen-rode schaal op de quizkaart volgens % correct hieronder.
 
Antwoordstatistieken
Départements % Correct
59 Nord
73%
75 Paris
72%
42 Loire
69%
62 Pas-de-Calais
66%
7 Ardèche
53%
8 Ardennes
53%
24 Dordogne
53%
83 Var
52%
51 Marne
51%
14 Calvados
50%
88 Vosges
50%
972 Martinique
49%
67 Bas-Rhin
48%
971 Guadeloupe
48%
39 Jura
48%
1 Ain
47%
6 Alpes-Maritimes
47%
29 Finistère
47%
68 Haut-Rhin
47%
46 Lot
47%
57 Moselle
47%
80 Somme
47%
5 Hautes-Alpes
46%
2 Aisne
45%
26 Drôme
45%
2B Haute-Corse
45%
50 Manche
45%
84 Vaucluse
45%
2A Corse-du-Sud
44%
73 Savoie
44%
30 Gard
43%
74 Haute-Savoie
43%
55 Meuse
43%
81 Tarn
43%
85 Vendée
43%
56 Morbihan
42%
63 Puy-de-Dôme
42%
11 Aude
41%
33 Gironde
41%
34 Hérault
41%
76 Seine-Maritime
41%
16 Charente
40%
21 Côte-d'Or
40%
27 Eure
40%
40 Landes
40%
45 Loiret
40%
60 Oise
40%
64 Pyrénées-Atlantiques
40%
66 Pyrénées-Orientales
40%
18 Cher
39%
22 Côtes-d'Armor
39%
38 Isère
39%
3 Allier
38%
13 Bouches-du-Rhône
38%
973 Guyane
38%
43 Haute-Loire
38%
65 Hautes-Pyrénées
38%
54 Meurthe-et-Moselle
38%
44 Loire-Atlantique
37%
47 Lot-et-Garonne
37%
10 Aube
35%
15 Cantal
35%
17 Charente-Maritime
35%
25 Doubs
35%
28 Eure-et-Loir
35%
31 Haute-Garonne
35%
35 Ille-et-Vilaine
35%
94 Val-de-Marne
34%
78 Yvelines
34%
19 Corrèze
33%
32 Gers
33%
52 Haute-Marne
32%
36 Indre
32%
61 Orne
32%
90 Territoire de Belfort
32%
95 Val-d'Oise
32%
4 Alpes-de-Haute-Provence
31%
77 Seine-et-Marne
31%
82 Tarn-et-Garonne
31%
23 Creuse
30%
37 Indre-et-Loire
30%
974 La Réunion
30%
976 Mayotte
30%
86 Vienne
30%
9 Ariège
29%
70 Haute-Saône
29%
41 Loir-et-Cher
29%
48 Lozère
29%
53 Mayenne
29%
89 Yonne
29%
12 Aveyron
28%
91 Essonne
28%
72 Sarthe
28%
71 Saône-et-Loire
27%
93 Seine-Saint-Denis
27%
87 Haute-Vienne
26%
92 Hauts-de-Seine
26%
58 Nièvre
25%
79 Deux-Sèvres
24%
49 Maine-et-Loire
24%
69 Rhône (et métropole de Lyon)
10%
Geen overeenkomende quizzen gevonden
Scoreverdeling
Procent van Mensen met Elke Score
Percentiel versus Aantal Correcte Antwoorden
Uw Scoregeschiedenis
U heeft deze quiz nog niet genomen